000 00288nam a2200121 a 4500
005 20140414093837.0
008 030923s19uu xx 00 eng d
050 _aVCD 930.1
_bTem 1996
245 _aTemple of the Kama Sutra.
650 _aArcheology.
942 _cAVM
999 _c109103
_d109103